00509nam a2200181Ia 450000500170000000800410001702000180005804100080007608200160008410000130010024500630011325000110017626000360018730000090022350000410023265000410027370000130031420230323162605.0230125s9999 xx 000 0 und d a9788182744462 aeng a658.15bHED aHedges B aCopycat Marketing 101 - How to Copycat Your Way to Wealth aEd.1st c2016bPentagon pressaNew Delhi a114p aFinancial Management;Finance General aFinancial Management;Finance General aHedges B